000
00290nam a2200121 a 4500
008
101022s1974|||| d
245
1
0
_a
Koniec bezvýznamného človeka
044
_a
xo
_c
SK
041
_a
slo
100
1
_a
Leonov, Leonid
260
_b
Tatran
_a
Bratislava
_c
1974
020
_c
24
999
_c
12098
_d
12098